Statistics for State Quiz - Illinois

Click here to take the quiz!

General Stats

  • This quiz has been taken 22,304 times
    (17,532 since last reset)
  • The average score is 13 of 20

Answer Stats

HintAnswer% Correct
Most populous cityChicago
99%
Illinois is located in this
region of the U.S.
Midwest
92%
Great Lake that Illinois bordersLake Michigan
90%
State capitalSpringfield
89%
State nicknameLand of {Lincoln}
88%
River on the western borderMississippi River
85%
1920s gangster who lived in CiceroAl Capone
82%
Former highway that stretched
from Illinois to the California coast
Route 66
80%
Robert Wadlow, born in Alton in 1918,
was the _____ man of all time
Tallest
71%
Stadium where the Cubs playWrigley Field
70%
… and is part of this industrial "belt"Rust Belt
69%
This city is prounounced Care-OCairo
62%
Four recent governors of Illinois have
ended up going here
Prison
61%
University in EvanstonNorthwestern
57%
What species is Sue?
(found at the Field Museum)
Tyrannosaurus
Rex
45%
City joined at the hip to ChampaignUrbana
43%
Fill in the blank with the name
of a city
Will it Play in
{Peoria}?
39%
The only U.S. President born in IllinoisRonald Reagan
36%
Blue-collar sitcom set in
the fictional town of Lanford
Roseanne
35%
City where "Wayne's World" happenedAurora
33%

Score Distribution

Percentile by Number Answered

Percent of People with Each Score

Your Score History

You have not taken this quiz since the last reset